Κατάλογος Βιβλιοθηκών Mediterranean College

Θεωρητική και Εφαρμοσμένη Λογιστική Κόστους ΙΙ / Βοήθημα Απαραίτητο για Διοικητικά Στελέχη Επιχειρήσεων και Σπουδαστές Τριτοβάθμιας Εκπαίδευσης (Record no. 2161)

MARC details
000 -LEADER
fixed length control field 02181cam a22001934a 4500
005 - ΗΜΕΡΟΜΗΝΙΑ ΚΑΙ ΩΡΑ ΤΕΛΕΥΤΑΙΑΣ ΕΝΗΜΕΡΩΣΗΣ
Πεδίο ελέγχου 20250605164032.0
008 - FIXED-LENGTH DATA ELEMENTS--GENERAL INFORMATION
Πεδίο ελέγχου σταθερού μήκους 250528s ||||||||||||||||||||||||d
035 ## - SYSTEM CONTROL NUMBER
System control number 16686
020 ## - ISBN
ISBN 9602206780
040 ## - ΠΗΓΗ ΚΑΤΑΛΟΓΟΓΡΑΦΗΣΗΣ
Φορέας πρωτότυπης καταλογογράφησης MC Athens Campus Library
Γλώσσα καταλογογράφησης Ελληνικά, Μοντέρνα (1453-)
Modifying agency MC Athens Campus Library
Κανόνες περιγραφικής καταλογογράφησης AACR2
245 1# - ΤΙΤΛΟΣ ΚΑΙ ΔΗΛΩΣΗ ΥΠΕΥΘΥΝΟΤΗΤΑΣ
Τίτλος Θεωρητική και Εφαρμοσμένη Λογιστική Κόστους ΙΙ / Βοήθημα Απαραίτητο για Διοικητικά Στελέχη Επιχειρήσεων και Σπουδαστές Τριτοβάθμιας Εκπαίδευσης
260 ## - PUBLICATION, DISTRIBUTION, ETC.
Name of publisher, distributor, etc. Αθήνα,
Date of publication, distribution, etc. 1994
300 ## - PHYSICAL DESCRIPTION
Extent 478
520 ## - SUMMARY, ETC.
Summary, etc. Πρότυπο Κόστος σε συνδυασμό με το Ε.Γ.Λ.Σ. - Ανάλυση της Ομάδας 9 του Ε.Γ.Λ.Σ. - Προϋπολογισμοί Επιχειρήσεων - Νεκρό Σημείο Ισορροπίας. Εισαγωγή, Πρότυπο Κόστος, Προϋπολογισμοί Επιχειρήσεων, Ανάλυση του Νεκρού Σημείου Ισορροπίας, Αναλυτική Λογιστική Εκμετάλλευσης, Η Έννοια της Αυτονομίας, Λογαριασμός 90 ''Διάμεσοι - Αντικρυζόμενοι Λογαριασμοί, Λογαριασμός 91 ''Ανακατάταξη Εξόδων - Αγορών και Εσόδων'', Λογαριασμός 92 ''Κέντρα (Θέσεις) Κόστους'', Λογαριασμός 93 ''Κόστος Παραγωγής (Παραγωγή σε Εξέλιξη)'', Λογαριασμός 94 ''Αποθέματα'', Λογαριασμός 95 ''Αποκλίσεις από το Πρότυπο Κόστος'', Λογαριασμός 96 ''Έσοδα - Μικτά Αναλυτικά Αποτελέσματα'', Λογαριασμός 97 ''Διαφορές Ενσωματώσεως και Καταλογισμού'', Λογαριασμός 98 ''Αναλυτικά Αποτελέσματα, Συνοπτική Λειτουργία Λογαριασμών, Λογιστικό Σχέδιο, Ασκήσεις, Λύσεις Ασκήσεων.
700 1# - ΠΡΟΣΘΕΤΗ ΑΝΑΓΡΑΦΗ--ΦΥΣΙΚΟ ΠΡΟΣΩΠΟ
Personal name Βανάκας Αποστόλος
9 (RLIN) 2774
942 ## - ADDED ENTRY ELEMENTS (KOHA)
Koha item type Books
Holdings
Τύπος τεκμηρίου Βιβλιοθήκη Τρέχουσα τοποθεσία Barcode Αριθμός εισαγωγής Ημερομηνία απόκτησης Ταξιθετικό σύμβολο Αριθμός αντιτύπου Κατάσταση απόσυρσης Κατάσταση χαμένου Κατάσταση κατεστραμμένου Μη δανεισμός Σύνολο δανεισμών Ημερομηνία τελευταίας εμφάνισης Η τιμή ισχύει από
Books MC Athens Campus Library MC Athens Campus Library 9780000021601 4892 05/06/2025 657.42 VAN V.II 1           05/06/2025 05/06/2025

MC Athens Campus Library
Πατησίων 94 & Κοδριγκτώνος 13, 104 34
Πελλήνης 8 & Πατησίων 107, 112 51
Τ: +30 210 8899600

MC Thessaloniki Campus Library
Ίωνος Δραγούμη 21, 54625 | Ίωνος Δραγούμη 15, 54625
Τ: +30 2310 287779 – Τ: +30 2314 440300